Hacia el cambio del paradigma económico a través de la experiencia de los países en desarrollo (Registro nro. 24779)

Detalles MARC
000 -LEADER
fixed length control field 00382 a2200109 4500
001 - CONTROL NUMBER
control field ART_10488
005 - DATE AND TIME OF LATEST TRANSACTION
control field 20260410161848.0
008 - FIXED-LENGTH DATA ELEMENTS--GENERAL INFORMATION
fixed length control field 260409a
100 1# - MAIN ENTRY--PERSONAL NAME
Personal name Diamand, Marcelo
245 10 - TITLE STATEMENT
Title Hacia el cambio del paradigma económico a través de la experiencia de los países en desarrollo
773 0# - HOST ITEM ENTRY
Title Económica
Related parts - Año XXIII, Nº 1/2 (ene./ago. 1977)
Record control number REV7541

No hay ítems disponibles.